Erasure Lyrics- A Little respect - Statistics

General Stats
  • This quiz has been taken 23 times
  • The average score is 16 of 22
Answer Stats
Answer % Correct
a in make that to can with
100%
little love a you me make you
100%
little respect to me
100%
me be hard I should and blue
100%
discover so you no respect we love
95%
I my no that give out im
95%
make ill so soul I war forever
95%
something with me gimme and love ill
95%
sweet forever that hear falter live what
95%
to im why gimme little me in
95%
to you work no if not be
95%
try heart reason you a to so
95%
baby that gimme calling you peace or reason
79%
breaking me you please arms hearts a
74%
from give that baby your our drive
68%
oh blue you you would at religion
68%
refrain you no oh open with could
68%
you tell me no soul i hear
42%
you calling oh baby please give a
42%
no dont you tell me no dont
21%
man to forsake his lover dont you
11%
tell me no dont you tell me
5%
No matching quizzes found
Score Distribution
Percent of People with Each Score
Percentile by Number Answered
Your Score History
You have not taken this quiz